| 000 | 01534cam a2200409 a 4500 | ||
|---|---|---|---|
| 001 | 89751 | ||
| 005 | 20230410115644.0 | ||
| 008 | 970108s1997 nyuab b 001 0 eng | ||
| 010 | _a 97002011 | ||
| 035 | _a(OCoLC)ocm36207572 | ||
| 040 |
_aDLC _cDLC _dBAKER _dYDXCP _dBTCTA _dLVB _dUKV3G _dOCLCG |
||
| 015 | _aB9746607 | ||
| 019 | _a59604303 | ||
| 020 | _a0465026516 | ||
| 020 | _a9780465026517 | ||
| 029 | 1 |
_aAU@ _b000021607399 |
|
| 035 |
_a(OCoLC)36207572 _z(OCoLC)59604303 |
||
| 043 |
_an-us--- _ad------ |
||
| 050 | 1 | 4 |
_aHF4055 _bG244b 1997 |
| 082 | 0 | 0 |
_a382/.0973 _221 |
| 100 | 1 |
_aGarten, Jeffrey E., _d1946- |
|
| 245 | 1 | 4 |
_aThe big ten : _bthe big emerging markets and how they will change our lives / _cJeffrey E. Garten. |
| 250 | _a1st ed. | ||
| 260 |
_aNew York : _bBasicBooks, _cc1997. |
||
| 300 |
_axxiii, 232 p. : _bill., map ; _c22 cm. |
||
| 504 | _aIncludes bibliographical references (p. 215-223) and index. | ||
| 651 | 0 |
_aUnited States _xCommerce _zDeveloping countries _xForecasting. |
|
| 651 | 0 |
_aDeveloping countries _xForeign economic relations _zUnited States _xForecasting. |
|
| 856 | 4 | 2 |
_3Book review (H-Net) _uhttp://www.h-net.org/review/hrev-a0a1y7-aa |
| 856 | 4 | 2 |
_3Publisher description _uhttp://www.loc.gov/catdir/enhancements/fy0832/97002011-d.html |
| 938 |
_aBaker & Taylor _bBKTY _c24.00 _d18.00 _i0465026516 _n0002960418 _sactive |
||
| 938 |
_aBaker and Taylor _bBTCP _n97002011 |
||
| 938 |
_aYBP Library Services _bYANK _n1446667 |
||
| 942 |
_2lcc _cbk |
||
| 994 |
_aC0 _bDRFGD |
||
| 946 | _ardc | ||
| 999 |
_c45466 _d45466 |
||